LDR 00693naa#a2200193#i#450# 001 EN\\bibl\126784 005 20260701080335.3 011 ## _a1815-588X 100 ## _a20260630b2026####ek#y0engy0150####ca 102 ## _aRU 200 1# _aSimulation of Train Movement Based on Statistical Data Processing _eJournal article 210 1# _aSaint-Petersburg _cFSBEI HE "Emperor Alexander I St. Petersburg State Transport University" _d2026 215 ## _a10 с. 608 ## _aJournal article _2local 675 ## _aДвижение. Участки. Перегоны. 656.222 _z 700 #1 _aYazev _gDenis Viktorovich 700 #1 _aKostenko _gVladimir Vasil'evich 700 #1 _aIvankov _gAleksey Nikolaevich 856 4# _aitt-pgups.ru _u